| 000 | 00711nam a22002411 4500 | ||
|---|---|---|---|
| 001 | 1228100 | ||
| 003 | OSt | ||
| 005 | 20250901165758.0 | ||
| 008 | 731207s1968 nyua b 000 0 eng | ||
| 010 | _a 67030084 | ||
| 040 |
_aDLC _cDLC _dDLC |
||
| 050 | 0 | 0 |
_aTK 5101 .S2 1968 _b.S2 |
| 082 | 0 | 0 | _a621.38 |
| 100 | 1 | _aSakrison, D. J. | |
| 245 | 1 | 0 |
_aCommunication theory; transmission of waveforms and digital information _c[by] D. J. Sakrison. |
| 260 |
_aNew York, _bWiley _c[1968] |
||
| 300 |
_axiv, 369 p. _billus. _c23 cm. |
||
| 504 | _aIncludes bibliographies. | ||
| 650 | 0 | _aTelecommunication. | |
| 650 | 0 | _aInformation theory. | |
| 906 |
_a7 _bcbc _corignew _du _eocip _f19 _gy-gencatlg |
||
| 942 |
_2lcc _cBK |
||
| 999 |
_c9160 _d9160 |
||